IFM Opac

Recruitment Advertising: A Means of Communication (Record no. 19121)

MARC details
000 -LEADER
fixed length control field 00344nam a22001337a 4500
020 ## - INTERNATIONAL STANDARD BOOK NUMBER
International Standard Book Number 0 85292 2590
082 ## - DEWEY DECIMAL CLASSIFICATION NUMBER
Classification number 659.31 RAY
100 ## - MAIN ENTRY--PERSONAL NAME
Personal name Ray, Maurice
245 ## - TITLE STATEMENT
Title Recruitment Advertising: A Means of Communication
260 ## - PUBLICATION, DISTRIBUTION, ETC.
Place of publication, distribution, etc. LONDON
Name of publisher, distributor, etc. BRITAIN
Date of publication, distribution, etc. 1980
300 ## - PHYSICAL DESCRIPTION
Extent xii,228p
Other physical details ill,20CM
500 ## - GENERAL NOTE
General note includes Glossary of terms
942 ## - ADDED ENTRY ELEMENTS (KOHA)
Koha item type Books
Holdings
Withdrawn status Lost status Damaged status Not for loan Collection code Home library Current library Shelving location Date acquired Source of acquisition Total Checkouts Full call number Barcode Date last seen Price effective from Koha item type
        Non-fiction IFM Main Campus Library IFM Main Campus Library Archival Collection 09/23/2021 Purchase   659.31 RAY 0000014448 10/12/2017 02/19/2022 Books